| 000 | 00557nam a2200181 i 4500 | ||
|---|---|---|---|
| 001 | 69920 | ||
| 003 | ES-MaACL | ||
| 005 | 20230906170648.0 | ||
| 007 | t| | ||
| 008 | 040713s1954 sp ||||1| spa d | ||
| 080 | _a631.67 | ||
| 100 | 1 |
_aGarcía Lozano, Faustino. _954863 |
|
| 245 | 1 | 0 |
_aRiegos por aspersión y sus distintas aplicaciones / _cGarcía Lozano. |
| 260 |
_aMadrid : _bDorsat, _c1954 ( _fJusto López) |
||
| 300 |
_aXIV, 147 p., 6 lám. : _bgráf. ; _c26 cm. |
||
| 650 | 4 |
_aRiego por aspersión. _9152399 |
|
| 852 |
_aES-MaACL _jC-8335 _bR.37430 |
||
| 999 |
_c69920 _d69920 |
||